000
00273nam a22001097a 4500
008
240712b |||||||| |||| 00| 0 eng d
100
_a
Lakhani, Ramdas
_9
16982
245
_a
VidiwaJi Prarthana
260
_a
Ahmedabad:
_c
1969.
_b
Lakhami Ramdas;
300
_a
74p.
942
_c
BK
999
_c
40146
_d
40146